Statistics for National Parks of England and Wales

Click here to take the quiz!

General Stats

  • This quiz has been taken 3,490 times
  • The average score is 8 of 13

Answers on the Map

Answers color-coded by a green-red scale on the quiz's map according to % correct below.
Loading ...
13121110987654321
 

Answer Stats

NumberNational Park% Correct
5Lake District
90%
11Snowdonia
82%
9Peak District
76%
3Dartmoor
70%
4Exmoor
62%
6New Forest
61%
1Brecon Beacons
60%
13Yorkshire Dales
55%
2Broads
54%
12South Downs
52%
8North York Moors
46%
7Northumberland
39%
10Pembrokeshire Coast
38%

Score Distribution

Percentile by Number Answered

Percent of People with Each Score

Your Score History

You have not taken this quiz